000 00939nam a2200265 i 4500
003 DO-SdBNP
005 20250901135159.0
007 ta
008 221031b2023 dr ||||er ||| 00| 0 spa d
020 _a9789945509397
040 _aDO-SdBNP
_bspa
_cBNPHU
_erda
082 4 _222
_axxxxx
_bB862b
100 1 _aBrito, Carlos Antonio
_982613
245 1 0 _aCambio climático, energía y medioambiente :
_bbarcazas contaminantes en Puerto Viejo de Azua , energía que destruye vidas y esperanzas /
_cCarlos Antonio Brito
264 1 _aSanto Domingo :
_bFundación Friedrich Ebert Stiftung,
_c2023.
300 _a10 páginas
_c30 cm.
336 _2rdacontent
_atexto
_btxt
337 _2rdamedia
_asin mediación
_bn
338 _2rdacurrier
_avolumen
_bnc
490 1 _aPerspectiva ;
500 _aIncluye datos biográficos de la autor en la última página.
590 _aInventariado, 2023/ YL
910 _aYLockward
942 _2ddc
_cLF2
999 _c54369
_d54369